Introducción a la filosofía: la conciencia del hombre en la filosofía

Guardat en:
Dades bibliogràfiques
Autor principal: Zea, Leopoldo (Autor)
Format: Llibre
Idioma:espanyol
Publicat: Ciudad de México Universidad Nacional Autónoma de México 1993
Matèries:
Etiquetes: Afegir etiqueta
Sense etiquetes, Sigues el primer a etiquetar aquest registre!

MARC

LEADER 00000nam a2200000 a 4500
001 UCU4363
003 CL-VaPUC
005 20250108094709.0
008 960517e19930000MX |||||||||||||||||spa|d
999 |c 248102  |d 248100 
040 |c Pontificia Universidad Católica de Valparaíso 
082 0 4 |a 101  |b ZEA  |2 21 
100 0 |a Zea, Leopoldo  |e author  |9 361916 
245 1 0 |a Introducción a la filosofía: la conciencia del hombre en la filosofía 
260 |a Ciudad de México  |b Universidad Nacional Autónoma de México  |c 1993 
300 |a 257 p 
583 |a last modification  |c 19960517 00:00:00  |k Rodrigo Vera 
600 0 |a HERACLITO  |9 848988 
600 0 |a Parménides  |d ca. 515 A.C.-ca. 470 A.C.  |9 870085 
600 0 |a Sócrates  |9 266368 
600 0 7 |a PLATON  |2 CL-VaPUC  |9 222 
600 0 |a Aristóteles,  |d 384 a.C.- 322 a.C.  |9 194 
600 0 |a Descartes, René  |e autor  |9 265906 
600 0 |a Hobbes, Thomas  |d 1588-1679  |9 860396 
600 0 |a Pascal, Blaise   |q (Pascal, Blas)  |d 1623-1662  |9 880816 
650 0 |a Filosofía   |9 223554 
650 0 |a Filosofía griega  |9 265579 
650 7 |a CONOCIMIENTO  |2 CL-VaPUC  |9 308991 
650 0 |a Antropología   |9 233030 
650 0 |a Política  |9 255312 
650 0 |a Naturaleza  |9 269656 
650 0 |a Sociedad  |9 307903 
650 0 |a Retórica   |9 266620 
650 7 |a FILOSOFIA POLITICA  |2 CL-VaPUC  |9 361918 
650 0 |a Ética  |9 255099 
650 0 |a Teología   |9 258766 
942 |c BK  |2 ddc 
945 |d 19960517 00:00:00  |a rleighto 
952 |0 0  |1 0  |4 0  |6 101_000000000000000_ZEA_1993  |7 0  |8 A  |9 264517  |a BIBEDU  |b BIBEDU  |d 2019-11-19  |i 3201325  |o 101 ZEA 1993  |p 3201325  |r 2019-11-19  |w 2019-11-19  |y BK  |k FIL